000
00315nam a22001337a 4500
008
180215b xxu||||| |||| 00| 0 eng d
020
_a
2900131590495
041
_a
eng
080
_2
2nd
_a
33
100
_a
52
101
_a
EKO
245
_a
Consumer economics issues and behavior
_c
Goldsmith,E.B
942
_2
udc
_c
BK
999
_c
42587
_d
42587